000 00483cam a2200181ua 4500
020 _c3.00
041 _amal
_h
082 _a894.8121
_bVIS/KE
100 _aViswambharan, Kilimanoor .
245 _aKeralathinte nadan pattukal /
_cKilimanoor Viswambharan.
_hTextual Documents
250 _a1 /
_b.
260 _aKottayam :
_bSahitya Pravarthaka Co-operative Society ,
_c1967.
300 _a172 ; .
365 _a3.00
504 _a
942 _cBK
999 _c6588
_d6588